[Event "33ème Open International d'Avoine"]
[Site "Avoine"]
[Date "2018.07.21"]
[Round "5.5"]
[White "Haub, Thorsten Michael"]
[Black "Bonnaud, Remy"]
[Result "1-0"]
[WhiteElo "2405"]
[BlackElo "2234"]
[PlyCount "55"]
[EventDate "2018.??.??"]

1. g3 {[%emt 0:00:02]} d5 {[%emt 0:03:00]} 2. Bg2 {[%emt 0:00:09]} e5 {
[%emt 0:00:12]} 3. d3 {[%emt 0:00:47]} g6 {[%emt 0:07:49]} 4. Nf3 {
[%emt 0:00:42]} Bg7 {[%emt 0:00:07]} 5. Nbd2 {[%emt 0:00:08]} Ne7 {
[%emt 0:00:09]} 6. O-O {[%emt 0:00:21]} O-O {[%emt 0:00:25]} 7. e4 {
[%emt 0:00:09]} c6 {[%emt 0:02:59]} 8. b4 {[%emt 0:03:01]} Qc7 {[%emt 0:22:51]}
9. Bb2 {[%emt 0:08:15]} a5 {[%emt 0:00:16]} 10. a3 {[%emt 0:09:17]} f6 {
[%emt 0:00:09]} 11. Re1 {[%emt 0:09:15]} Nd7 {[%emt 0:08:27]} 12. d4 {
[%emt 0:01:28]} b5 {[%emt 0:28:49]} 13. a4 {[%emt 0:11:37]} axb4 {
[%emt 0:03:17]} 14. axb5 {[%emt 0:00:09]} Rxa1 {[%emt 0:00:20]} 15. Qxa1 {
[%emt 0:06:43]} cxb5 {[%emt 0:00:42]} 16. exd5 {[%emt 0:00:36]} Qxc2 {
[%emt 0:00:59]} 17. Rc1 {[%emt 0:04:01]} Qa4 {[%emt 0:01:34]} 18. dxe5 {
[%emt 0:11:06]} Nxd5 {[%emt 0:07:41]} 19. Nd4 {[%emt 0:07:27]} N7b6 {
[%emt 0:01:02]} 20. e6 {[%emt 0:00:19]} Re8 {[%emt 0:04:22]} 21. Rc6 {
[%emt 0:00:56]} Bf8 {[%emt 0:02:21]} 22. Ne4 {[%emt 0:01:43]} Qxa1+ {
[%emt 0:06:11]} 23. Bxa1 {[%emt 0:00:14]} Nc4 {[%emt 0:00:12]} 24. Nxb5 {
[%emt 0:01:37]} Ne5 {[%emt 0:02:45]} 25. Bxe5 {[%emt 0:08:04]} fxe5 {
[%emt 0:02:04]} 26. Nbd6 {[%emt 0:01:23]} Ne7 {[%emt 0:03:35]} 27. Nf6+ {
[%emt 0:00:15]} Kh8 {[%emt 0:00:19]} 28. Nf7+ {[%emt 0:00:06]} 1-0

[Event "33ème Open International d'Avoine"]
[Site "Avoine"]
[Date "2018.07.21"]
[Round "5.6"]
[White "Ollier, Pablo"]
[Black "Najart, David"]
[Result "1/2-1/2"]
[WhiteElo "2398"]
[BlackElo "2230"]
[PlyCount "121"]
[EventDate "2018.??.??"]

1. Nf3 {[%emt 0:00:09]} d5 {[%emt 0:00:40]} 2. c4 {[%emt 0:01:56]} e6 {
[%emt 0:01:28]} 3. d4 {[%emt 0:02:49]} Nf6 {[%emt 0:00:07]} 4. Nc3 {
[%emt 0:00:09]} Be7 {[%emt 0:00:39]} 5. cxd5 {[%emt 0:00:26]} exd5 {
[%emt 0:00:30]} 6. Bg5 {[%emt 0:00:12]} c6 {[%emt 0:11:23]} 7. Qc2 {
[%emt 0:02:15]} Nbd7 {[%emt 0:03:43]} 8. e3 {[%emt 0:00:48]} Nh5 {
[%emt 0:07:13]} 9. Bxe7 {[%emt 0:00:27]} Qxe7 {[%emt 0:00:03]} 10. O-O-O {
[%emt 0:01:38]} Nb6 {[%emt 0:01:41]} 11. Bd3 {[%emt 0:07:58]} Nf6 {
[%emt 0:02:46]} 12. h3 {[%emt 0:08:26]} Be6 {[%emt 0:01:00]} 13. Ne5 {
[%emt 0:01:03]} O-O-O {[%emt 0:04:22]} 14. Kb1 {[%emt 0:06:14]} Kb8 {
[%emt 0:02:35]} 15. Na4 {[%emt 0:03:12]} Nxa4 {[%emt 0:12:35]} 16. Qxa4 {
[%emt 0:00:07]} Nd7 {[%emt 0:03:35]} 17. Nf3 {[%emt 0:08:46]} Nb6 {
[%emt 0:01:25]} 18. Qa5 {[%emt 0:00:58]} Qf6 {[%emt 0:10:59]} 19. Ka1 {
[%emt 0:00:32]} Bf5 {[%emt 0:01:16]} 20. Be2 {[%emt 0:00:40]} Be4 {
[%emt 0:02:06]} 21. Rc1 {[%emt 0:03:58]} Qe7 {[%emt 0:01:56]} 22. Rc3 {
[%emt 0:04:07]} f6 {[%emt 0:01:26]} 23. Rhc1 {[%emt 0:02:18]} h5 {
[%emt 0:07:42]} 24. Ra3 {[%emt 0:02:54]} Nc8 {[%emt 0:00:15]} 25. Ne1 {
[%emt 0:02:40]} Rd7 {[%emt 0:06:42]} 26. h4 {[%emt 0:09:25]} Rc7 {
[%emt 0:02:21]} 27. g3 {[%emt 0:01:58]} g5 {[%emt 0:04:37]} 28. Nd3 {
[%emt 0:03:05]} Bxd3 {[%emt 0:01:43]} 29. Bxd3 {[%emt 0:00:03]} Rg8 {
[%emt 0:06:07]} 30. Rh1 {[%emt 0:02:47]} b6 {[%emt 0:02:25]} 31. Qd2 {
[%emt 0:01:46]} g4 {[%emt 0:02:23]} 32. Rc1 {[%emt 0:00:56]} Nd6 {
[%emt 0:01:19]} 33. Rac3 {[%emt 0:03:21]} Rgc8 {[%emt 0:01:00]} 34. Qc2 {
[%emt 0:00:38]} Ne4 {[%emt 0:02:07]} 35. Bxe4 {[%emt 0:05:49]} Qxe4 {
[%emt 0:01:16]} 36. Qxe4 {[%emt 0:00:56]} dxe4 {[%emt 0:00:05]} 37. b4 {
[%emt 0:00:23]} Kb7 {[%emt 0:01:04]} 38. Kb2 {[%emt 0:01:11]} a6 {
[%emt 0:02:19]} 39. a4 {[%emt 0:01:58]} Rd8 {[%emt 0:02:36]} 40. b5 {
[%emt 0:16:54]} Rdc8 {[%emt 0:00:07]} 41. bxa6+ {[%emt 0:06:26]} Kxa6 {
[%emt 0:02:17]} 42. Rc4 {[%emt 0:12:40]} f5 {[%emt 0:09:17]} 43. Kb3 {
[%emt 0:04:35]} Ka5 {[%emt 0:07:35]} 44. R1c2 {[%emt 0:00:46]} c5 {
[%emt 0:17:26]} 45. dxc5 {[%emt 0:01:50]} bxc5 {[%emt 0:00:42]} 46. Rd2 {
[%emt 0:01:04]} Rb7+ {[%emt 0:02:10]} 47. Kc2 {[%emt 0:08:39]} Rb4 {
[%emt 0:00:56]} 48. Kc3 {[%emt 0:00:09]} Rb1 {[%emt 0:01:05]} 49. Rc2 {
[%emt 0:02:11]} Rc7 {[%emt 0:05:34]} 50. Kd2 {[%emt 0:01:22]} Kb6 {
[%emt 0:00:46]} 51. Ke2 {[%emt 0:11:44]} Rc8 {[%emt 0:00:25]} 52. Rd2 {
[%emt 0:00:51]} Rb4 {[%emt 0:02:53]} 53. Rxb4+ {[%emt 0:05:14]} cxb4 {
[%emt 0:00:02]} 54. Rd5 {[%emt 0:00:11]} Rc5 {[%emt 0:03:12]} 55. Rxc5 {
[%emt 0:00:38]} Kxc5 {[%emt 0:00:02]} 56. Kd2 {[%emt 0:00:07]} Kc4 {
[%emt 0:00:31]} 57. Kc2 {[%emt 0:00:06]} b3+ {[%emt 0:00:15]} 58. Kb2 {
[%emt 0:00:05]} Kb4 {[%emt 0:00:12]} 59. a5 {[%emt 0:00:06]} Kxa5 {
[%emt 0:00:02]} 60. Kxb3 {[%emt 0:00:11]} Kb5 {[%emt 0:00:19]} 61. Kc3 {
[%emt 0:01:29]} 1/2-1/2

[Event "33ème Open International d'Avoine"]
[Site "Avoine"]
[Date "2018.07.21"]
[Round "5.7"]
[White "Colin, Vincent"]
[Black "Daeschler, Florian"]
[Result "1-0"]
[WhiteElo "2381"]
[BlackElo "2228"]
[PlyCount "49"]
[EventDate "2018.??.??"]

1. Nf3 Nf6 2. g3 e6 3. Bg2 d5 4. O-O Be7 5. d3 O-O 6. Nbd2 Nc6 7. c3 Re8 8. b4
a6 9. a3 e5 10. e4 dxe4 11. dxe4 Qd3 12. Bb2 Bg4 13. h3 Bxf3 14. Nxf3 Qc4 15.
Nd2 Qd3 16. Re1 Rad8 17. Nf1 Qc4 18. Qb1 Nd7 19. Ne3 Qb3 20. Nd5 Bd6 21. a4
Nxb4 22. cxb4 Bxb4 23. Re3 Qc4 24. Bf1 Qc5 25. Bc3 1-0

[Event "33ème Open International d'Avoine"]
[Site "Avoine"]
[Date "2018.07.21"]
[Round "5.8"]
[White "Frick, Christoph"]
[Black "Travadon, Loic"]
[Result "0-1"]
[WhiteElo "2215"]
[BlackElo "2344"]
[PlyCount "62"]
[EventDate "2018.??.??"]

1. e4 {[%emt 0:00:03]} c5 {[%emt 0:00:04]} 2. Nc3 {[%emt 0:00:04]} Nc6 {
[%emt 0:00:11]} 3. g3 {[%emt 0:00:04]} g6 {[%emt 0:00:05]} 4. Bg2 {
[%emt 0:00:03]} Bg7 {[%emt 0:00:04]} 5. d3 {[%emt 0:00:05]} d6 {[%emt 0:00:03]}
6. Nh3 {[%emt 0:00:22]} h5 {[%emt 0:00:04]} 7. O-O {[%emt 0:00:48]} Bd7 {
[%emt 0:00:15]} 8. Nf4 {[%emt 0:04:41]} Nf6 {[%emt 0:03:02]} 9. Nfd5 {
[%emt 0:01:57]} h4 {[%emt 0:02:42]} 10. Nxf6+ {[%emt 0:03:11]} Bxf6 {
[%emt 0:00:09]} 11. Nd5 {[%emt 0:01:05]} Bg7 {[%emt 0:00:07]} 12. c3 {
[%emt 0:01:08]} hxg3 {[%emt 0:00:17]} 13. fxg3 {[%emt 0:09:47]} e6 {
[%emt 0:03:15]} 14. Nf4 {[%emt 0:01:58]} Qb6 {[%emt 0:00:41]} 15. Qe2 {
[%emt 0:10:54]} Qa6 {[%emt 0:02:04]} 16. Be3 {[%emt 0:07:55]} Ne5 {
[%emt 0:00:53]} 17. Rfd1 {[%emt 0:04:39]} Ba4 {[%emt 0:02:05]} 18. b3 {
[%emt 0:01:51]} Bc6 {[%emt 0:02:22]} 19. h3 {[%emt 0:02:25]} Bh6 {
[%emt 0:01:32]} 20. Qd2 {[%emt 0:03:07]} g5 {[%emt 0:06:26]} 21. Nh5 {
[%emt 0:03:33]} O-O-O {[%emt 0:00:21]} 22. d4 {[%emt 0:01:36]} Ng6 {
[%emt 0:01:07]} 23. Nf6 {[%emt 0:01:39]} cxd4 {[%emt 0:13:01]} 24. cxd4 {
[%emt 0:00:35]} d5 {[%emt 0:00:00]} 25. Rac1 {[%emt 0:05:24]} Kb8 {
[%emt 0:01:00]} 26. Rc5 {[%emt 0:05:52]} Ne7 {[%emt 0:03:22]} 27. a4 {
[%emt 0:04:01]} dxe4 {[%emt 0:00:59]} 28. Bxg5 {[%emt 0:07:05]} Bxg5 {
[%emt 0:00:39]} 29. Qxg5 {[%emt 0:00:36]} Nf5 {[%emt 0:01:56]} 30. Kh2 {
[%emt 0:20:46]} Qe2 {[%emt 0:00:45]} 31. Rxf5 {[%emt 0:03:00]} exf5 {
[%emt 0:00:20]} 0-1

[Event "33ème Open International d'Avoine"]
[Site "Avoine"]
[Date "2018.07.21"]
[Round "5.9"]
[White "Viel, Simon"]
[Black "Degardin, Sylvain"]
[Result "0-1"]
[WhiteElo "2316"]
[BlackElo "2197"]
[PlyCount "80"]
[EventDate "2018.??.??"]

1. e4 {[%emt 0:00:03]} c5 {[%emt 0:00:16]} 2. Nf3 {[%emt 0:00:07]} d6 {
[%emt 0:00:10]} 3. d4 {[%emt 0:00:06]} cxd4 {[%emt 0:00:09]} 4. Nxd4 {
[%emt 0:00:05]} Nf6 {[%emt 0:00:11]} 5. Nc3 {[%emt 0:00:06]} a6 {[%emt 0:00:12]
} 6. Nb3 {[%emt 0:01:19]} Nc6 {[%emt 0:00:09]} 7. a4 {[%emt 0:01:01]} b6 {
[%emt 0:25:53]} 8. Be2 {[%emt 0:05:15]} e6 {[%emt 0:01:00]} 9. O-O {
[%emt 0:03:48]} Be7 {[%emt 0:00:32]} 10. Be3 {[%emt 0:05:54]} O-O {
[%emt 0:05:01]} 11. f4 {[%emt 0:04:22]} Qc7 {[%emt 0:00:43]} 12. Bf3 {
[%emt 0:04:48]} Bb7 {[%emt 0:01:07]} 13. Kh1 {[%emt 0:08:10]} Rfe8 {
[%emt 0:02:55]} 14. g4 {[%emt 0:12:01]} d5 {[%emt 0:10:52]} 15. e5 {
[%emt 0:27:39]} Nxg4 {[%emt 0:10:12]} 16. Bxg4 {[%emt 0:00:07]} d4 {
[%emt 0:00:20]} 17. Bf3 {[%emt 0:00:11]} dxe3 {[%emt 0:06:30]} 18. Qe2 {
[%emt 0:00:43]} Nb4 {[%emt 0:02:05]} 19. Rac1 {[%emt 0:06:39]} Rad8 {
[%emt 0:11:55]} 20. Qxe3 {[%emt 0:04:16]} Nd5 {[%emt 0:01:56]} 21. Nxd5 {
[%emt 0:00:09]} Bxd5 {[%emt 0:02:33]} 22. Nd2 {[%emt 0:04:44]} Bxf3+ {
[%emt 0:04:57]} 23. Nxf3 {[%emt 0:00:34]} Qc6 {[%emt 0:01:06]} 24. b3 {
[%emt 0:04:25]} Bb4 {[%emt 0:03:20]} 25. c3 {[%emt 0:03:13]} Bc5 {
[%emt 0:00:40]} 26. Qe2 {[%emt 0:00:19]} b5 {[%emt 0:03:36]} 27. axb5 {
[%emt 0:01:54]} axb5 {[%emt 0:00:18]} 28. c4 {[%emt 0:03:48]} b4 {
[%emt 0:00:58]} 29. Rfd1 {[%emt 0:01:05]} h6 {[%emt 0:09:28]} 30. Kg2 {
[%emt 0:01:41]} Ra8 {[%emt 0:01:05]} 31. Rd3 {[%emt 0:01:28]} Red8 {
[%emt 0:01:28]} 32. Rcd1 {[%emt 0:01:40]} Rxd3 {[%emt 0:01:42]} 33. Qxd3 {
[%emt 0:00:44]} Ra2+ {[%emt 0:01:11]} 34. Kg3 {[%emt 0:01:18]} Bf2+ {
[%emt 0:00:20]} 35. Kh3 {[%emt 0:00:52]} Bb6 {[%emt 0:00:24]} 36. Kg3 {
[%emt 0:02:06]} Bf2+ {[%emt 0:00:14]} 37. Kh3 {[%emt 0:00:49]} Rc2 {
[%emt 0:01:50]} 38. Rd2 {[%emt 0:01:31]} Rc3 {[%emt 0:00:50]} 39. Qd8+ {
[%emt 0:00:07]} Kh7 {[%emt 0:00:03]} 40. Rd3 {[%emt 0:00:41]} Qe4 {
[%emt 0:00:24]} 0-1

[Event "33ème Open International d'Avoine"]
[Site "Avoine"]
[Date "2018.07.21"]
[Round "5.10"]
[White "Zachary, Matheo"]
[Black "Rodriguez Rodriguez, Antonio"]
[Result "1-0"]
[WhiteElo "2271"]
[BlackElo "2088"]
[PlyCount "59"]
[EventDate "2018.??.??"]

1. e4 {[%emt 0:00:04]} e5 {[%emt 0:00:42]} 2. Nf3 {[%emt 0:00:23]} d5 {
[%emt 0:00:35]} 3. Nc3 {[%emt 0:08:27]} d4 {[%emt 0:00:12]} 4. Ne2 {
[%emt 0:00:24]} Nc6 {[%emt 0:02:16]} 5. Ng3 {[%emt 0:01:22]} Qd6 {
[%emt 0:00:25]} 6. Bb5 {[%emt 0:02:29]} h5 {[%emt 0:06:11]} 7. O-O {
[%emt 0:09:43]} g6 {[%emt 0:02:29]} 8. h3 {[%emt 0:02:24]} h4 {[%emt 0:01:10]}
9. Ne2 {[%emt 0:00:33]} Bh6 {[%emt 0:02:20]} 10. d3 {[%emt 0:02:33]} Bd7 {
[%emt 0:04:31]} 11. c3 {[%emt 0:06:45]} Nge7 {[%emt 0:07:24]} 12. cxd4 {
[%emt 0:07:26]} Nxd4 {[%emt 0:10:34]} 13. Bxd7+ {[%emt 0:04:42]} Kxd7 {
[%emt 0:00:08]} 14. Nexd4 {[%emt 0:01:08]} exd4 {[%emt 0:00:21]} 15. Bxh6 {
[%emt 0:01:54]} Rxh6 {[%emt 0:00:12]} 16. Qa4+ {[%emt 0:00:34]} Nc6 {
[%emt 0:01:09]} 17. Rac1 {[%emt 0:00:41]} g5 {[%emt 0:05:10]} 18. Rc4 {
[%emt 0:05:27]} g4 {[%emt 0:04:44]} 19. e5 {[%emt 0:07:00]} Qe6 {[%emt 0:13:36]
} 20. Rxd4+ {[%emt 0:00:39]} Ke8 {[%emt 0:01:43]} 21. Rxg4 {[%emt 0:01:19]} Rd8
{[%emt 0:00:29]} 22. Nd4 {[%emt 0:05:43]} Qxg4 {[%emt 0:05:53]} 23. hxg4 {
[%emt 0:00:05]} Rxd4 {[%emt 0:00:06]} 24. Qd1 {[%emt 0:02:45]} Nxe5 {
[%emt 0:04:51]} 25. Re1 {[%emt 0:01:53]} Re6 {[%emt 0:00:20]} 26. Re3 {
[%emt 0:00:22]} c5 {[%emt 0:02:27]} 27. Qe2 {[%emt 0:01:21]} f6 {[%emt 0:10:09]
} 28. g5 {[%emt 0:02:13]} Ke7 {[%emt 0:00:06]} 29. gxf6+ {[%emt 0:01:01]} Kxf6
{[%emt 0:00:03]} 30. Re4 {[%emt 0:00:36]} 1-0

[Event "33ème Open International d'Avoine"]
[Site "Avoine"]
[Date "2018.07.21"]
[Round "5.12"]
[White "Budak, Rewi"]
[Black "Burri, Quentin"]
[Result "1/2-1/2"]
[WhiteElo "2075"]
[BlackElo "2423"]
[PlyCount "35"]
[EventDate "2018.??.??"]

1. e4 c5 2. d4 cxd4 3. Nf3 d6 4. c3 dxc3 5. Nxc3 Nc6 6. Bc4 a6 7. O-O Nf6 8. h3
e6 9. Qe2 Be7 10. Rd1 Qc7 11. Bf4 Ne5 12. Bb3 O-O 13. Rac1 Qb8 14. Nd4 b5 15.
Bg3 b4 16. Bxe5 dxe5 17. Nc6 Qc7 18. Na4 1/2-1/2

[Event "33ème Open International d'Avoine"]
[Site "Avoine"]
[Date "2018.07.21"]
[Round "5.13"]
[White "Dube, Dimitri"]
[Black "Manea, Alexandru"]
[Result "0-1"]
[WhiteElo "2061"]
[BlackElo "2394"]
[PlyCount "124"]
[EventDate "2018.??.??"]

1. c3 d5 2. Nf3 Nf6 3. d3 c5 4. Bg5 Nc6 5. Bxf6 exf6 6. e3 Qb6 7. Qb3 Be6 8. d4
c4 9. Qxb6 axb6 10. Nbd2 f5 11. a3 b5 12. Rc1 Bd6 13. g3 Nb8 14. Ng5 Nd7 15.
Bg2 h6 16. Nxe6 fxe6 17. f3 g5 18. e4 Nb6 19. O-O f4 20. e5 Be7 21. h4 fxg3 22.
Bh3 Kd7 23. h5 Rhf8 24. Bg4 b4 25. axb4 Ra2 26. Rc2 Na4 27. Rb1 b6 28. Nf1 b5
29. Nxg3 Nb6 30. Ne2 Na8 31. Nc1 Ra6 32. b3 Nc7 33. Rcb2 Rfa8 34. Kg2 Ra1 35.
Kg3 Bxb4 36. Ne2 Rxb1 37. Rxb1 Be7 38. bxc4 bxc4 39. Kf2 Ra2 40. Ke3 Ra8 41.
Ng3 Kc6 42. Ne2 Bd8 43. Nc1 Nb5 44. Ne2 Ra2 45. Rc1 Kd7 46. Bh3 Be7 47. f4
gxf4+ 48. Nxf4 Nc7 49. Rg1 Bg5 50. Kf3 Bxf4 51. Kxf4 Rf2+ 52. Kg4 Rc2 53. Rg3
Nb5 54. Kf4 Rxc3 55. Rg7+ Kc6 56. Bxe6 Nxd4 57. Rg6 Rf3+ 58. Kg4 Kc5 59. Rxh6
Rf8 60. Bd7 c3 61. Rf6 Rg8+ 62. Rg6 Rxg6+ 0-1

[Event "33ème Open International d'Avoine"]
[Site "Avoine"]
[Date "2018.07.21"]
[Round "5.14"]
[White "Sobry, Sebastien"]
[Black "Shirazi, Kamran"]
[Result "0-1"]
[WhiteElo "2052"]
[BlackElo "2330"]
[PlyCount "50"]
[EventDate "2018.??.??"]

1. e4 c6 2. d4 d5 3. Nc3 g6 4. Nf3 Bg7 5. h3 Nh6 6. Bf4 O-O 7. Qd2 dxe4 8. Nxe4
Nf5 9. c3 Nd7 10. O-O-O Re8 11. g4 Nd6 12. Bxd6 exd6 13. Nxd6 Rf8 14. Nxc8 Rxc8
15. Kb1 c5 16. Bb5 cxd4 17. Bxd7 dxc3 18. Qc2 Rc7 19. Bf5 Qb8 20. Be4 cxb2 21.
Qd2 Qe8 22. Qd5 Qa4 23. Nd2 Rfc8 24. Nb3 Rc4 25. f3 Qxa2+ 0-1

[Event "33ème Open International d'Avoine"]
[Site "Avoine"]
[Date "2018.07.21"]
[Round "5.15"]
[White "Tomasi, Albert"]
[Black "Garcia, Adrien"]
[Result "1/2-1/2"]
[WhiteElo "2302"]
[BlackElo "2066"]
[PlyCount "117"]
[EventDate "2018.??.??"]

1. e4 Nc6 2. Nf3 Nf6 3. e5 Nd5 4. d4 d6 5. c4 Nb6 6. e6 fxe6 7. Nc3 e5 8. d5
Nd4 9. Nxd4 exd4 10. Qxd4 e5 11. dxe6 Bxe6 12. Be3 Qf6 13. Qxf6 gxf6 14. b3
O-O-O 15. O-O-O f5 16. Nb5 Kb8 17. Bd3 Bg7 18. Nd4 Bxd4 19. Bxd4 Rhg8 20. Rhe1
Rde8 21. g3 c5 22. Be3 Nc8 23. Bf4 Bd7 24. Be2 Kc7 25. Bh5 Rxe1 26. Rxe1 Rg7
27. Rd1 Bc6 28. a3 Re7 29. Kd2 Re6 30. b4 b6 31. b5 Bb7 32. Bf7 Rf6 33. Bh5 Re6
34. Kc3 Ne7 35. h4 Ng6 36. Bc1 Ne5 37. Re1 Kd7 38. Bd1 Ng4 39. Rxe6 Kxe6 40. f3
Ne5 41. f4 Ng4 42. Be2 Be4 43. Bd2 h5 44. Be1 Bb1 45. Kb3 Be4 46. a4 Kd7 47.
Kc3 Ke6 48. a5 Kd7 49. Kb3 Kc7 50. Bc3 Kd7 51. Kb2 Kc7 52. Kc1 Kd7 53. Kd2 Kc7
54. Bg7 Kd7 55. Bc3 Kc7 56. a6 Kd7 57. Ke1 Kc7 58. Kd2 Kd7 59. Bb2 1/2-1/2

[Event "33ème Open International d'Avoine"]
[Site "Avoine"]
[Date "2018.07.21"]
[Round "5.16"]
[White "Schmit, Vincent"]
[Black "Deveque, Guillaume"]
[Result "0-1"]
[WhiteElo "2285"]
[BlackElo "2043"]
[PlyCount "76"]
[EventDate "2018.??.??"]

1. e4 e6 2. d4 d5 3. Nd2 Nf6 4. e5 Nfd7 5. Bd3 c5 6. c3 Nc6 7. Ngf3 cxd4 8.
cxd4 a5 9. O-O Be7 10. Re1 Qb6 11. Qe2 O-O 12. Qe3 Kh8 13. Bb1 f6 14. exf6 Bxf6
15. Qxe6 Nxd4 16. Qh3 h6 17. Qh5 Nc5 18. Qg6 Bf5 19. Bxf5 Nxf5 20. Qxf5 Bd4 21.
Nxd4 Rxf5 22. Nxf5 Rf8 23. Ne3 Nd3 24. Rf1 Rxf2 25. Rxf2 Qxe3 26. Ne4 Nxc1 27.
Ng3 Nd3 28. Raf1 g6 29. b3 d4 30. Ne4 Nxf2 31. Nxf2 d3 32. Rd1 b5 33. g3 d2 34.
Kg2 h5 35. Kf1 Kg7 36. Kg2 Kf7 37. Rf1 Ke6 38. Rd1 Kd5 0-1

[Event "33ème Open International d'Avoine"]
[Site "Avoine"]
[Date "2018.07.21"]
[Round "5.17"]
[White "Bodicker, Rob"]
[Black "Bouget, Alexandre"]
[Result "0-1"]
[WhiteElo "2039"]
[BlackElo "2282"]
[PlyCount "32"]
[EventDate "2018.??.??"]

1. d4 d5 2. c4 dxc4 3. e4 b5 4. a4 c6 5. Nf3 e6 6. b3 Bb4+ 7. Bd2 Bxd2+ 8. Qxd2
Nf6 9. axb5 Nxe4 10. Qf4 Nf6 11. Bxc4 O-O 12. O-O cxb5 13. Bxb5 Bb7 14. Nc3
Nbd7 15. Ba6 Bxa6 16. Rxa6 Qc8 0-1

[Event "33ème Open International d'Avoine"]
[Site "Avoine"]
[Date "2018.07.21"]
[Round "5.18"]
[White "Gao, Etienne"]
[Black "Pottier, Simeon"]
[Result "1-0"]
[WhiteElo "2249"]
[BlackElo "2061"]
[PlyCount "67"]
[EventDate "2018.??.??"]

1. e4 e5 2. Nf3 Nc6 3. Nc3 Nf6 4. Bb5 Bd6 5. O-O O-O 6. d3 a6 7. Ba4 h6 8. Ne2
Re8 9. c3 Bf8 10. Ng3 b5 11. Bc2 d5 12. exd5 Nxd5 13. Re1 g6 14. Bb3 Nf6 15. a4
Rb8 16. axb5 axb5 17. h3 Qd6 18. Be3 Rd8 19. Qc1 Be6 20. Bxe6 Qxe6 21. d4 exd4
22. Bxd4 Qd6 23. Ra6 Nd7 24. Ne5 Ndxe5 25. Bxe5 Qd7 26. Ne4 Bg7 27. Nf6+ Bxf6
28. Bxf6 Re8 29. Rd1 Qe6 30. Bd4 Ra8 31. Rxc6 Qxc6 32. Qxh6 f6 33. Qxg6+ Kf8
34. Bxf6 1-0

[Event "33ème Open International d'Avoine"]
[Site "Avoine"]
[Date "2018.07.21"]
[Round "5.19"]
[White "Real, Thibault"]
[Black "Kavciyan, Yega"]
[Result "1-0"]
[WhiteElo "2246"]
[BlackElo "2039"]
[PlyCount "107"]
[EventDate "2018.??.??"]

1. d4 Nf6 2. Bf4 d5 3. e3 c5 4. c3 Nc6 5. Nd2 Bf5 6. Ngf3 e6 7. Qb3 Qb6 8. Qxb6
axb6 9. Bc7 Nd7 10. Nh4 c4 11. Nxf5 exf5 12. f3 Rc8 13. Bg3 b5 14. e4 fxe4 15.
fxe4 Nb6 16. Be2 b4 17. Bg4 Ra8 18. Bc7 bxc3 19. bxc3 h5 20. Bh3 g5 21. Bxb6 g4
22. exd5 Ne7 23. d6 Nd5 24. Nxc4 Ra4 25. Nb2 Ra3 26. Bc5 Rxc3 27. O-O Kd7 28.
Rxf7+ Ke6 29. Raf1 Bxd6 30. Bxd6 Kxd6 31. Bxg4 hxg4 32. Rxb7 Re8 33. Nd1 Rc2
34. Rb2 Rc4 35. Rd2 Re4 36. Nf2 Rexd4 37. Rfd1 Rxd2 38. Rxd2 Ke5 39. Re2+ Kf5
40. Nd3 Rd4 41. Nc5 Rc4 42. Nb3 Ra4 43. Rc2 Ke5 44. Kf2 Nb4 45. Rc5+ Kf6 46.
Kg3 Nxa2 47. Nd2 Rd4 48. Rc6+ Kg7 49. Rc7+ Kf6 50. Rc6+ Kg7 51. Nf1 Nb4 52. Rc8
Nd3 53. Ne3 Ne5 54. Nf5+ 1-0

[Event "33ème Open International d'Avoine"]
[Site "Avoine"]
[Date "2018.07.21"]
[Round "5.20"]
[White "Devallee, Jeremie"]
[Black "Dubuisson, Samuel"]
[Result "1-0"]
[WhiteElo "2230"]
[BlackElo "2031"]
[PlyCount "149"]
[EventDate "2018.??.??"]

1. e4 d5 2. Nc3 d4 3. Nb1 e5 4. Bc4 Nf6 5. d3 c5 6. Nf3 Nc6 7. Ng5 Be6 8. Nxe6
fxe6 9. Bxe6 b5 10. a3 Bd6 11. O-O Qe7 12. Ba2 Nd8 13. f4 exf4 14. e5 Bxe5 15.
Qf3 Rc8 16. Re1 Nc6 17. Bxf4 Rf8 18. Qh3 Kd8 19. Bxe5 Nxe5 20. Nd2 Nfg4 21. Nf1
Qf6 22. Re2 Rc7 23. Qg3 Re7 24. Qe1 Rfe8 25. Re4 Nc6 26. Bd5 Rxe4 27. Bxe4 Qd6
28. Qh4+ Nf6 29. Ng3 Kc7 30. Rf1 Kb6 31. Nf5 Qd8 32. Bxc6 Kxc6 33. Nxg7 Ng8 34.
Qxh7 Re2 35. Qg6+ Qd6 36. Qg4 Rxc2 37. Nf5 Qd5 38. b4 Kb6 39. Qg6+ Kc7 40. bxc5
Rxc5 41. Ng3 Ne7 42. Qg7 Qe5 43. Qxe5+ Rxe5 44. Ne4 a5 45. h4 Nd5 46. g4 Nc3
47. Rf7+ Kc6 48. Rf6+ Kc7 49. Ng5 Re3 50. Kg2 b4 51. axb4 axb4 52. Ne6+ Kd6 53.
Ng5+ Kc5 54. Rf5+ Kb6 55. h5 b3 56. Rf1 Re2+ 57. Kg3 Re8 58. Nf3 b2 59. Nd2
Re3+ 60. Kh4 Rxd3 61. Nc4+ Kc5 62. Nxb2 Rd2 63. Nd3+ Rxd3 64. h6 Rd2 65. Rh1
Ra2 66. g5 d3 67. h7 Ra8 68. g6 Rh8 69. Kg4 Ne4 70. g7 Rxh7 71. Rxh7 d2 72. Rh1
Kd6 73. Kf5 Ng3+ 74. Kg6 Nxh1 75. g8=Q 1-0

[Event "33ème Open International d'Avoine"]
[Site "Avoine"]
[Date "2018.07.21"]
[Round "5.22"]
[White "Lucas, Jean-Christian"]
[Black "Dutreuil, Raphael"]
[Result "0-1"]
[WhiteElo "2024"]
[BlackElo "2200"]
[PlyCount "52"]
[EventDate "2018.??.??"]

1. f4 d5 2. Nf3 g6 3. e3 Bg7 4. d4 Nh6 5. c4 dxc4 6. Bxc4 c5 7. O-O cxd4 8.
Nxd4 O-O 9. Nc3 Qc7 10. Qb3 Bxd4 11. exd4 Nc6 12. Nd5 Qd8 13. f5 Nxf5 14. Bg5
Be6 15. Rxf5 Bxf5 16. Qe3 Re8 17. Qf4 Be6 18. Nf6+ exf6 19. Bxf6 Bxc4 20. Bxd8
Raxd8 21. b3 Bd5 22. Kf2 Re4 23. Qg5 f6 24. Qg3 Rde8 25. Qd6 Rxd4 26. Kf1 Bxg2+
0-1

[Event "33ème Open International d'Avoine"]
[Site "Avoine"]
[Date "2018.07.21"]
[Round "5.23"]
[White "Bressy, Theo"]
[Black "Suez-Panama, Gilles"]
[Result "1-0"]
[WhiteElo "2194"]
[BlackElo "2010"]
[PlyCount "103"]
[EventDate "2018.??.??"]

1. e4 e6 2. d4 d5 3. Nc3 Nf6 4. e5 Ne4 5. Nxe4 dxe4 6. Be3 c5 7. dxc5 Nd7 8. b4
b6 9. Qd4 bxc5 10. Qxe4 Rb8 11. b5 Bb7 12. Qa4 Qc7 13. f4 Be7 14. Nf3 Nb6 15.
Qa5 Bxf3 16. gxf3 Bh4+ 17. Ke2 f6 18. exf6 Bxf6 19. Rd1 O-O 20. Bh3 Qe7 21. Qa3
Rbc8 22. Qd3 Na4 23. Rd2 Nc3+ 24. Kf2 Rcd8 25. Qc4 Rxd2+ 26. Bxd2 Bd4+ 27. Kg2
Nd5 28. Re1 Nxf4+ 29. Bxf4 Rxf4 30. Qxe6+ Qxe6 31. Rxe6 Kf8 32. Rc6 Rf7 33. a4
Re7 34. Be6 Rb7 35. Bf5 g6 36. Be4 Rd7 37. h4 Be3 38. a5 Rd2+ 39. Kg3 Rd1 40.
Rc7 Rg1+ 41. Kh2 Rb1 42. Rb7 c4 43. b6 axb6 44. a6 b5 45. a7 Bxa7 46. Rxa7 b4
47. Rxh7 b3 48. cxb3 Rb2+ 49. Kg3 Rxb3 50. Bxg6 c3 51. Rc7 Rb6 52. h5 1-0

[Event "33ème Open International d'Avoine"]
[Site "Avoine"]
[Date "2018.07.21"]
[Round "5.24"]
[White "Navrotescu, Andreea-Cristiana"]
[Black "Darpan, Inani"]
[Result "1-0"]
[WhiteElo "2182"]
[BlackElo "1969"]
[PlyCount "59"]
[EventDate "2018.??.??"]

1. d4 d5 2. c4 c6 3. Nf3 Nf6 4. Qc2 dxc4 5. e4 b5 6. b3 cxb3 7. axb3 e6 8. Bd2
a5 9. Bd3 Bb7 10. O-O Be7 11. Bc3 h6 12. Qe2 b4 13. Bb2 Nbd7 14. Nbd2 c5 15.
dxc5 O-O 16. c6 Bxc6 17. Rac1 Bb7 18. Rfd1 Rc8 19. Nc4 Ba6 20. Bb1 Qc7 21. e5
Nd5 22. Qe4 g6 23. Nd6 Bxd6 24. Rxc7 Bxc7 25. Qg4 Kg7 26. Rxd5 exd5 27. Qxd7
Kg8 28. e6 Be5 29. Nxe5 f6 30. e7 1-0